<?xml version="1.0" encoding="UTF-8"?>
<collection xmlns="http://www.loc.gov/MARC21/slim">
<record>
  <controlfield tag="001">7532</controlfield>
  <controlfield tag="005">20250204120816.0</controlfield>
  <datafield tag="037" ind1=" " ind2=" ">
    <subfield code="a">SEMIN-2025-0023</subfield>
  </datafield>
  <datafield tag="100" ind1=" " ind2=" ">
    <subfield code="a">Hakim, Kaustubh</subfield>
  </datafield>
  <datafield tag="245" ind1=" " ind2=" ">
    <subfield code="a">Magma-Atmosphere Coupling in Hot Sub-Neptunes</subfield>
  </datafield>
  <datafield tag="260" ind1=" " ind2=" ">
    <subfield code="c">2024</subfield>
  </datafield>
  <datafield tag="269" ind1=" " ind2=" ">
    <subfield code="c">2024-08-29</subfield>
  </datafield>
  <datafield tag="520" ind1=" " ind2=" ">
    <subfield code="a">Hot sub-Neptunes (equilibrium temperatures > 1000 K) are commonly found in the galaxy. Recent modelling efforts suggest that magma-atmosphere coupling of small exoplanets, i.e., rocky exoplanets and sub-Neptunes, strongly impacts the atmospheric chemistry, enriching the atmosphere in refractory element-bearing gases, e.g., SiO, SiH4. To determine atmospheric chemistry, we implement a new state-of-the-art code, atmodeller, that models an equilibrium chemistry reaction network. Based on the calculations for atmosphere chemistry in the Si-O-H system with mass conservation for H, we can classify sub-Neptune populations into steam worlds, hydrogen worlds, and silicon worlds (see figure). We will further show the strong impact of non-ideal gas behaviour and gas solubility in magma on these populations. These populations should exhibit distinct atmospheric signatures that are detectable with JWST transmission and emission spectroscopy. </subfield>
  </datafield>
  <datafield tag="536" ind1=" " ind2=" ">
    <subfield code="a">FED-tWIN/</subfield>
    <subfield code="c">STELLA/</subfield>
    <subfield code="f">Prf-2021-022</subfield>
  </datafield>
  <datafield tag="594" ind1=" " ind2=" ">
    <subfield code="a">NO</subfield>
  </datafield>
  <datafield tag="773" ind1=" " ind2=" ">
    <subfield code="t">ETH Zurich, Institute for Particle Physics and Astrophysics</subfield>
  </datafield>
  <datafield tag="856" ind1="0" ind2=" ">
    <subfield code="f">kaustubh.hakim@ksb-orb.be</subfield>
  </datafield>
  <datafield tag="980" ind1=" " ind2=" ">
    <subfield code="a">SEMIN</subfield>
  </datafield>
</record>
</collection>